000 00420nam a2200169Ia 4500
005 20250326130748.0
008 250326s9999 xx 000 0 und d
037 _aTextbook
040 _aFMSL
_beng
_cFMSL
041 _aeng
_2eng
084 _aS:52 P3
_qFMSL
100 _aRoberts R C
_9741274
245 0 _aEmotions
_cRoberts R C
260 _c2003
942 _cTB
_hS:52 P3
999 _c1283979
_d1283979